Phát triển ngành nghề ở nông thôn đồng bằng Bắc Bộ /
Sparad:
| Huvudupphovsman: | |
|---|---|
| Materialtyp: | Artikel |
| Språk: | Vietnamese |
| Ämnen: | |
| Taggar: |
Lägg till en tagg
Inga taggar, Lägg till första taggen!
|
| Thư viện lưu trữ: | Thư viện Trường Đại học Đà Lạt |
|---|
| LEADER | 00881nam a2200313 4500 | ||
|---|---|---|---|
| 001 | DLU040030253 | ||
| 040 | # | # | |a DLU |b vie |
| 041 | # | # | |a vie |
| 044 | # | # | |a vn |
| 100 | # | # | |a Phạm Xuân Đại |
| 245 | # | # | |a Phát triển ngành nghề ở nông thôn đồng bằng Bắc Bộ / |c Phạm Xuân Đại |
| 651 | # | # | |a Đồng bằng Bắc Bộ |
| 653 | # | # | |a Lực lượng lao động |
| 653 | # | # | |a Nông thôn |
| 653 | # | # | |a Nghề phụ |
| 653 | # | # | |a tiểu thủ công nghiệp |
| 773 | # | # | |t Xã hội học |g Số 4, 1997, tr 81 - 84 |
| 920 | # | # | |a Phòng Tạp chí -- Trung tâm Thông tin - Thư viện Trường Đại học Đà Lạt |
| 933 | # | # | |a CP |
| 933 | # | # | |a NL |
| 994 | # | # | |a DLU |
| 900 | # | # | |a True |
| 911 | # | # | |a Trần Văn Thống Nhất |
| 925 | # | # | |a G |
| 926 | # | # | |a A |
| 927 | # | # | |a BB |
| 980 | # | # | |a Thư viện Trường Đại học Đà Lạt |